[Event "Titled Tuesday intern op 25th Jul Early"]
[Site "Chess.com INT"]
[Date "2023.07.25"]
[Round "5"]
[White "Kiladze, Luka"]
[Black "Grekh, Andrey"]
[Result "1-0"]
[WhiteElo "2089"]
[BlackElo "2388"]
[PlyCount "85"]
[EventDate "2023.07.25"]
[EventType "swiss (blitz)"]
[EventRounds "11"]
[EventCountry "USA"]
[SourceTitle "EXT 2024"]
[Source "ChessBase"]
[SourceDate "2023.10.10"]
[SourceVersion "1"]
[SourceVersionDate "2023.10.10"]
[SourceQuality "1"]

1. d4 d5 2. Nf3 e6 3. Bf4 Bd6 4. Bg3 Nf6 5. e3 Bxg3 6. hxg3 b6 7. Bd3 Ba6 8. c3 Bxd3 9. Qxd3 Qd6 10. Nbd2 Nbd7 11. 0-0-0 0-0-0 12. Kb1 Kb8 13. e4 dxe4 14. Nxe4 Nxe4 15. Qxe4 Qd5 16. Qxd5 exd5 17. Rde1 Nf6 18. Ne5 Rdf8 19. f3 Kb7 20. g4 h6 21. Kc2 c6 22. Kd3 Kc7 23. Rh2 Re8 24. Rhh1 Re7 25. Re2 Rhe8 26. Rhe1 c5 27. Nxf7 Rxf7 28. Rxe8 Nxe8 29. Rxe8 Kd7 30. Re5 Kd6 31. Rf5 Re7 32. Kd2 c4 33. g5 h5 34. g6 Re6 35. Rxh5 Rxg6 36. g4 Rf6 37. Ke3 Re6+ 38. Kf2 g6 39. Rh7 Rf6 40. Rxa7 Re6 41. Rb7 Kc6 42. Rf7 b5 43. g5 1-0

[Event "Kyiv Spring op"]
[Site "Kiev"]
[Date "2023.03.31"]
[Round "9"]
[White "Sakun, Volodymyr"]
[Black "Grekh, Andrey"]
[Result "1/2-1/2"]
[WhiteElo "2340"]
[BlackElo "2393"]
[PlyCount "142"]
[EventDate "2023.03.25"]
[EventType "swiss"]
[EventRounds "9"]
[EventCountry "UKR"]
[SourceTitle "CBM 213 Extra"]
[Source "ChessBase"]
[SourceDate "2023.05.31"]
[SourceVersion "1"]
[SourceVersionDate "2023.05.31"]
[SourceQuality "1"]

1. e4 c5 2. Nf3 e6 3. d4 cxd4 4. Nxd4 a6 5. Bd3 Bc5 6. Nb3 Ba7 7. Qe2 Nc6 8. Be3 Nge7 9. Nc3 0-0 10. 0-0 Bxe3 11. Qxe3 f5 12. exf5 Nxf5 13. Bxf5 Rxf5 14. f4 b6 15. Rad1 Qc7 16. Nd4 Nxd4 17. Qxd4 Qc6 18. Rf2 Ra7 19. Qd6 Rc7 20. Qxc6 Rxc6 21. Ne4 d5 22. Ng3 Rf8 23. c3 Rc4 24. Ne2 Re4 25. g3 Bd7 26. Nd4 Ba4 27. Rdd2 e5 28. fxe5 Re1+ 29. Kg2 Rxe5 30. Rxf8+ Kxf8 31. Kf2 Be8 32. Nf3 Rf5 33. g4 Rf4 34. Kg3 Ra4 35. a3 Bf7 36. Nd4 Rc4 37. Kf4 Ke7 38. Ke5 a5 39. Nf5+ Kd8 40. Rd4 Rc6 41. Nd6 Bg8 42. Rf4 Kd7 43. Rf8 Rxd6 44. Rxg8 Rg6 45. h3 Kc6 46. Rc8+ Kd7 47. Ra8 Kc6 48. Re8 Kd7 49. Rf8 Kc6 50. a4 Rh6 51. Rf3 Rd6 52. g5 Rd7 53. Ke6 d4 54. cxd4 Rxd4 55. Rc3+ Kb7 56. b3 Rf4 57. Rd3 Kc6 58. Rc3+ Kb7 59. Ke5 Rh4 60. Rf3 Kc6 61. Ke6 b5 62. Rc3+ Kb6 63. Kf7 g6 64. Kg7 Rh5 65. Rg3 Rh4 66. Rc3 Rh5 67. Rg3 Kc5 68. axb5 Kxb5 69. Kg8 Rh4 70. Kg7 Kc5 71. Rd3 Kb5 1/2-1/2

[Event "Kyiv Spring op"]
[Site "Kiev"]
[Date "2023.03.25"]
[Round "1"]
[White "Mogylnyi, Pavlo"]
[Black "Grekh, Andrey"]
[Result "0-1"]
[WhiteElo "1665"]
[BlackElo "2393"]
[PlyCount "64"]
[EventDate "2023.03.25"]
[EventType "swiss"]
[EventRounds "9"]
[EventCountry "UKR"]
[SourceTitle "CBM 213 Extra"]
[Source "ChessBase"]
[SourceDate "2023.05.31"]
[SourceVersion "1"]
[SourceVersionDate "2023.05.31"]
[SourceQuality "1"]

1. e4 c5 2. Ne2 e6 3. Nbc3 a6 4. a4 Nc6 5. d3 d5 6. exd5 exd5 7. g3 d4 8. Ne4 f5 9. Ng5 Be7 10. Nf3 Be6 11. Bg2 Qd7 12. Nf4 Bf7 13. Qe2 0-0-0 14. Bd2 g5 15. Ne5 Nxe5 16. Qxe5 gxf4 17. Qxh8 Bh5 18. Qe5 Bd6 19. Qd5 Nf6 20. Qb3 Qe7+ 21. Kf1 f3 22. Bh3 Bg4 23. Bxg4 Qe2+ 24. Kg1 Nxg4 25. Rf1 Qxd2 26. Qe6+ Kb8 27. Qxf5 Ne3 28. Qf6 Bc7 29. Qxf3 Nxf1 30. Kxf1 Qxc2 31. Kg2 c4 32. dxc4 d3 0-1

[Event "EU-ch Online 2300+ Qual"]
[Site "Chess.com INT"]
[Date "2020.05.29"]
[Round "1"]
[White "Grekh, Andrey"]
[Black "Asadli, Vugar Afgan Oglu"]
[Result "1-0"]
[WhiteElo "2398"]
[BlackElo "2572"]
[PlyCount "53"]
[EventDate "2020.05.29"]
[EventType "swiss"]
[EventRounds "8"]
[EventCountry "NET"]
[SourceTitle "CBM 196 Extra"]
[Source "ChessBase"]
[SourceDate "2020.07.31"]
[SourceVersion "1"]
[SourceVersionDate "2020.07.31"]
[SourceQuality "1"]

1. e4 e5 2. Nf3 Nc6 3. d4 exd4 4. c3 d3 5. Bxd3 d6 6. 0-0 Nf6 7. h3 Be7 8. Bf4 0-0 9. Nbd2 Re8 10. Re1 Bf8 11. Nc4 b5 12. Ne3 Rb8 13. e5 dxe5 14. Nxe5 Nxe5 15. Bxe5 Bb7 16. Bxf6 Qxf6 17. Bxb5 Re5 18. Bf1 h5 19. b4 Rd8 20. Qe2 g6 21. Ng4 hxg4 22. Qxe5 Qc6 23. hxg4 Bg7 24. Qc5 Bxc3 25. Rad1 Rxd1 26. Rxd1 Qf6 27. Qxc7 1-0

[Event "Titled Tuesday intern op 4th June"]
[Site "Chess.com INT"]
[Date "2019.06.04"]
[Round "6"]
[White "Grekh, Andrey"]
[Black "Divya, Deshmukh"]
[Result "1-0"]
[WhiteElo "2398"]
[BlackElo "2414"]
[PlyCount "101"]
[EventDate "2019.06.04"]
[EventType "swiss (blitz)"]
[EventRounds "10"]
[EventCountry "USA"]
[SourceTitle "EXT 2021"]
[Source "ChessBase"]
[SourceDate "2020.10.23"]
[SourceVersion "1"]
[SourceVersionDate "2020.10.23"]
[SourceQuality "1"]

1. e4 d5 2. exd5 Nf6 3. Bb5+ Bd7 4. Bc4 Bg4 5. f3 Bf5 6. g4 Bg6 7. Nc3 c6 8. dxc6 Nxc6 9. g5 Nd7 10. d4 Qb6 11. Nd5 Qa5+ 12. Bd2 Qd8 13. Bf4 Rc8 14. Bb3 e6 15. Ne3 Nb4 16. a3 Nc6 17. Ne2 Nb6 18. h4 h5 19. gxh6 gxh6 20. h5 Bh7 21. Qd2 Bg7 22. 0-0-0 Nd7 23. Kb1 Na5 24. Ba4 b5 25. Bxb5 Qb6 26. Qb4 Nc6 27. Bxc6 Qxc6 28. Nc3 Qxf3 29. Rhf1 Qxh5 30. Nb5 Bf8 31. Qa4 Be7 32. Nc7+ Kd8 33. d5 e5 34. d6 Bxd6 35. Rxd6 Rxc7 36. Rfd1 Qh3 37. Bxe5 Re8 38. Rxd7+ Rxd7 39. Bf6+ Ree7 40. Nd5 Qf3 41. Bxe7+ Ke8 42. Nf6+ Kxe7 43. Qxd7+ Kxf6 44. Qd4+ Kg6 45. Rg1+ Kh5 46. Qe5+ Bf5 47. Qh2+ Bh3 48. Rg3 Qf1+ 49. Ka2 Kh4 50. Rb3 f5 51. Qg3+ 1-0

[Event "Titled Tuesday intern op 4th June"]
[Site "Chess.com INT"]
[Date "2019.06.04"]
[Round "3"]
[White "Sargsyan, Shant"]
[Black "Grekh, Andrey"]
[Result "1-0"]
[WhiteElo "2512"]
[BlackElo "2398"]
[PlyCount "69"]
[EventDate "2019.06.04"]
[EventType "swiss (blitz)"]
[EventRounds "10"]
[EventCountry "USA"]
[SourceTitle "EXT 2021"]
[Source "ChessBase"]
[SourceDate "2020.10.23"]
[SourceVersion "1"]
[SourceVersionDate "2020.10.23"]
[SourceQuality "1"]

1. e4 c5 2. Nf3 Nc6 3. Bb5 e6 4. 0-0 Nge7 5. Re1 a6 6. Bf1 Ng6 7. c3 Be7 8. d4 cxd4 9. cxd4 d5 10. e5 0-0 11. Nc3 f6 12. exf6 Bxf6 13. Be3 Bd7 14. Bd3 Nge7 15. Qd2 g6 16. Bg5 Rc8 17. Qe3 Nb4 18. Bxf6 Rxf6 19. Ne5 Nf5 20. Bxf5 exf5 21. Qg5 Re6 22. Qd2 Be8 23. Nf3 Rxe1+ 24. Rxe1 Bf7 25. Ne5 Qc7 26. h4 Nc6 27. h5 Nxe5 28. Rxe5 Qd6 29. h6 Re8 30. f4 Rxe5 31. fxe5 Qe6 32. Qg5 Be8 33. Qd8 Qd7 34. Qf6 Qf7 35. Nxd5 1-0

[Event "Titled Tuesday intern op 2nd April"]
[Site "Chess.com INT"]
[Date "2019.04.02"]
[Round "6"]
[White "Gordievsky, Dmitry"]
[Black "Grekh, Andrey"]
[Result "1-0"]
[WhiteElo "2585"]
[BlackElo "2398"]
[PlyCount "111"]
[EventDate "2019.04.02"]
[EventType "swiss (blitz)"]
[EventRounds "10"]
[EventCountry "USA"]
[SourceTitle "EXT 2021"]
[Source "ChessBase"]
[SourceDate "2020.10.23"]
[SourceVersion "1"]
[SourceVersionDate "2020.10.23"]
[SourceQuality "1"]

1. Nf3 c5 2. c4 g6 3. e4 Bg7 4. d4 cxd4 5. Nxd4 Nc6 6. Be3 Nf6 7. Nc3 d6 8. Be2 0-0 9. 0-0 Nxd4 10. Bxd4 Be6 11. f4 Rc8 12. b3 a6 13. Rc1 Qa5 14. Qd3 Nd7 15. Bxg7 Kxg7 16. f5 Ne5 17. Qe3 Bd7 18. Nd5 Qc5 19. Qxc5 Rxc5 20. Nxe7 f6 21. Rcd1 Re8 22. Nd5 gxf5 23. exf5 b5 24. b4 Rcc8 25. Nb6 Rc7 26. Nxd7 Nxd7 27. Bh5 Re5 28. cxb5 Rxb5 29. Rxd6 Rxb4 30. Rxa6 Rb2 31. Bf3 Ne5 32. Ba8 Rcc2 33. a4 Ra2 34. Rb1 Rcb2 35. Rxb2 Rxb2 36. h3 Ra2 37. a5 Nc4 38. Ra7+ Kh6 39. a6 Nd6 40. g4 Nb5 41. Rb7 Rxa6 42. Rxb5 Rxa8 43. Rb7 Ra2 44. Rf7 Kg5 45. Rxh7 Kf4 46. Kf1 Kf3 47. Ke1 Re2+ 48. Kd1 Rh2 49. Rh6 Kf4 50. Rxf6 Rxh3 51. Rg6 Ke5 52. f6 Rf3 53. g5 Ke6 54. Rg7 Rf2 55. Ke1 Rf5 56. Ke2 1-0

[Event "Titled Tuesday intern op 2nd April"]
[Site "Chess.com INT"]
[Date "2019.04.02"]
[Round "9"]
[White "Omariev, Maksim"]
[Black "Grekh, Andrey"]
[Result "1-0"]
[WhiteElo "2304"]
[BlackElo "2398"]
[PlyCount "31"]
[EventDate "2019.04.02"]
[EventType "swiss (blitz)"]
[EventRounds "10"]
[EventCountry "USA"]
[SourceTitle "EXT 2021"]
[Source "ChessBase"]
[SourceDate "2020.10.23"]
[SourceVersion "1"]
[SourceVersionDate "2020.10.23"]
[SourceQuality "1"]

1. d4 Nf6 2. Bf4 d5 3. e3 c5 4. c4 cxd4 5. exd4 Nc6 6. Nf3 Bg4 7. Be2 dxc4 8. Na3 e6 9. Nxc4 Bb4+ 10. Bd2 0-0 11. Bxb4 Nxb4 12. 0-0 Rc8 13. Nce5 Bf5 14. a3 Nc2 15. Rc1 Nxd4 16. Qxd4 1-0

[Event "Titled Tuesday intern op 2nd April"]
[Site "Chess.com INT"]
[Date "2019.04.02"]
[Round "3"]
[White "Terzi, Alexei"]
[Black "Grekh, Andrey"]
[Result "0-1"]
[WhiteElo "2322"]
[BlackElo "2398"]
[PlyCount "118"]
[EventDate "2019.04.02"]
[EventType "swiss (blitz)"]
[EventRounds "10"]
[EventCountry "USA"]
[SourceTitle "EXT 2021"]
[Source "ChessBase"]
[SourceDate "2020.10.23"]
[SourceVersion "1"]
[SourceVersionDate "2020.10.23"]
[SourceQuality "1"]

1. e4 c5 2. Nf3 e6 3. d4 cxd4 4. Nxd4 a6 5. c4 Nf6 6. Nc3 Bb4 7. Qd3 d5 8. cxd5 exd5 9. e5 Qe7 10. Bf4 Nh5 11. Bg3 Nxg3 12. Qxg3 0-0 13. Be2 Bxc3+ 14. bxc3 Re8 15. Nf3 Nc6 16. 0-0 Nxe5 17. Rad1 Ng6 18. Rfe1 Be6 19. c4 dxc4 20. Bxc4 Qf6 21. Bxe6 Rxe6 22. Qc7 Rxe1+ 23. Rxe1 b5 24. Rd1 h6 25. h3 Re8 26. a3 Nf4 27. Qd7 Re7 28. Qc8+ Kh7 29. Rd8 Qe6 30. Rh8+ Kg6 31. Qc2+ Qe4 32. Nh4+ Kh5 33. Qxe4 Rxe4 34. Nf5 Kg6 35. Nh4+ Kg5 36. Nf3+ Kf6 37. Ra8 Ra4 38. Nd2 Rxa3 39. Ne4+ Ke5 40. Nc5 a5 41. Nd7+ Ke6 42. Ra7 a4 43. Nc5+ Kd5 44. Na6 Ra1+ 45. Kh2 Kc4 46. Rxf7 Nd5 47. Rxg7 a3 48. Rg8 a2 49. Rc8+ Kb3 50. Nc5+ Ka3 51. Ra8+ Kb2 52. Nd3+ Kc3 53. Nc5 b4 54. f4 b3 55. f5 b2 56. Na4+ Kb3 57. Nxb2 Kxb2 58. Ra5 Rd1 59. Rb5+ Ka3 0-1

[Event "Pardubice Czech op-A 29th"]
[Site "Pardubice"]
[Date "2018.07.24"]
[Round "5"]
[White "Grekh, Andrey"]
[Black "Belyakov, Bogdan"]
[Result "0-1"]
[WhiteElo "2400"]
[BlackElo "2489"]
[PlyCount "112"]
[EventDate "2018.07.20"]
[EventType "swiss"]
[EventRounds "9"]
[EventCountry "CZE"]
[SourceTitle "CBM 185 Extra"]
[Source "ChessBase"]
[SourceDate "2018.07.29"]
[SourceVersion "1"]
[SourceVersionDate "2018.07.29"]
[SourceQuality "1"]

1. Nf3 Nf6 2. g3 g6 3. Bg2 Bg7 4. d4 0-0 5. c4 d6 6. 0-0 Nc6 7. Nc3 a6 8. Qd3 e5 9. d5 Nb4 10. Qd1 a5 11. e4 Na6 12. b3 Nc5 13. Qc2 Bd7 14. Bg5 Qe8 15. Ne1 Nh5 16. Nd3 b6 17. Rae1 Qc8 18. f3 f5 19. Nxc5 bxc5 20. exf5 gxf5 21. f4 h6 22. Bh4 e4 23. g4 fxg4 24. Nxe4 Bf5 25. Qd2 a4 26. b4 cxb4 27. Qxb4 Qa6 28. c5 Rab8 29. Qa3 Qc4 30. Rc1 Qb4 31. Qxb4 Rxb4 32. cxd6 Rxe4 33. Bxe4 Bxe4 34. dxc7 Bd4+ 35. Rf2 Bf5 36. Rc4 Bxf2+ 37. Bxf2 Bd7 38. Be3 Nf6 39. d6 Nd5 40. Re4 Nf6 41. Rc4 Kf7 42. Rc5 Re8 43. Bd4 Ne4 44. Rd5 Kg6 45. Bf2 Nc3 46. f5+ Kg5 47. Rd2 Kxf5 48. Bh4 Ne4 49. Rd1 Ng5 50. Kf2 Ne4+ 51. Kg1 Ke6 52. Be7 h5 53. Rd4 Ke5 54. Rd1 Rh8 55. Rf1 h4 56. Rf7 Ke6 0-1

[Event "Pardubice op rapid 29th"]
[Site "Pardubice"]
[Date "2018.07.19"]
[Round "4"]
[White "Grekh, Andrey"]
[Black "Tsvetkov, Andrey1111"]
[Result "0-1"]
[WhiteElo "2400"]
[BlackElo "2259"]
[PlyCount "57"]
[EventDate "2018.07.18"]
[EventType "swiss (rapid)"]
[EventRounds "9"]
[EventCountry "CZE"]
[SourceTitle "CBM 185 Extra"]
[Source "ChessBase"]
[SourceDate "2018.07.29"]
[SourceVersion "1"]
[SourceVersionDate "2018.07.29"]
[SourceQuality "1"]

1. e4 c5 2. Nf3 d6 3. d4 cxd4 4. Nxd4 Nf6 5. Nc3 a6 6. Be2 e5 7. Nf3 Be7 8. 0-0 0-0 9. Bg5 Be6 10. Bxf6 Bxf6 11. Nd5 Nd7 12. c4 Rc8 13. b3 Be7 14. Nxe7+ Qxe7 15. Bd3 Nc5 16. Ne1 Bd7 17. Nc2 Bc6 18. Re1 Qg5 19. Ne3 Bxe4 20. Bxe4 Nxe4 21. Qd5 Nc5 22. Rad1 Rc6 23. b4 Ne6 24. b5 Nf4 25. Qf3 axb5 26. cxb5 Rc3 27. Rxd6 e4 28. Qg4 Rxe3 29. Qd1 0-1

[Event "Titled Tuesday intern op 3rd Oct"]
[Site "Chess.com INT"]
[Date "2017.10.03"]
[Round "5"]
[White "Bachmann, Axel"]
[Black "Grekh, Andrey"]
[Result "1/2-1/2"]
[WhiteElo "2624"]
[BlackElo "2400"]
[PlyCount "94"]
[EventDate "2017.10.03"]
[EventType "swiss (blitz)"]
[EventRounds "10"]
[EventCountry "USA"]
[SourceTitle "EXT 2021"]
[Source "ChessBase"]
[SourceDate "2020.10.23"]
[SourceVersion "1"]
[SourceVersionDate "2020.10.23"]
[SourceQuality "1"]

1. e4 c5 2. Nf3 Nc6 3. Bb5 e6 4. 0-0 Nge7 5. b3 a6 6. Bxc6 Nxc6 7. Bb2 b5 8. d4 cxd4 9. Nxd4 Bb7 10. Nxc6 Bxc6 11. Nd2 Qg5 12. f4 Qg6 13. Qe2 Bc5+ 14. Kh1 0-0 15. Rae1 f5 16. e5 a5 17. a3 Be3 18. Bc1 Bxd2 19. Bxd2 a4 20. b4 Rfc8 21. Qf2 Be4 22. c3 Rc4 23. Re3 Rac8 24. h3 Qh5 25. Kh2 Bd5 26. Rfe1 Re4 27. Rxe4 Bxe4 28. Re3 Bd5 29. Rg3 Qd1 30. Qa7 Bc6 31. Qc5 Re8 32. Be3 Qb3 33. Bd4 Qxa3 34. c4 Qc1 35. Bc3 Qxf4 36. cxb5 Bd5 37. Qc7 Kf7 38. b6 h5 39. Bd2 Qxd2 40. Qxd7+ Re7 41. Rxg7+ Kxg7 42. Qxe7+ Kh6 43. Qf6+ Kh7 44. Qf7+ Kh6 45. Qf6+ Kh7 46. Qf7+ Kh6 47. Qf8+ Kh7 1/2-1/2

[Event "Titled Tuesday intern op 3rd Oct"]
[Site "Chess.com INT"]
[Date "2017.10.03"]
[Round "1"]
[White "Narayanan, Sunilduth Lyna"]
[Black "Grekh, Andrey"]
[Result "1/2-1/2"]
[WhiteElo "2568"]
[BlackElo "2400"]
[PlyCount "202"]
[EventDate "2017.10.03"]
[EventType "swiss (blitz)"]
[EventRounds "10"]
[EventCountry "USA"]
[SourceTitle "EXT 2021"]
[Source "ChessBase"]
[SourceDate "2020.10.23"]
[SourceVersion "1"]
[SourceVersionDate "2020.10.23"]
[SourceQuality "1"]

1. d4 Nf6 2. Nf3 e6 3. Bf4 b6 4. e3 Bb7 5. h3 Be7 6. Bd3 0-0 7. 0-0 c5 8. a4 cxd4 9. exd4 d6 10. a5 Nbd7 11. Re1 bxa5 12. Nbd2 Nb6 13. Bh2 a4 14. c4 Rc8 15. b3 axb3 16. Qxb3 Ra8 17. Rec1 Qd7 18. c5 dxc5 19. dxc5 Bd5 20. Qc2 Rac8 21. Ne5 Qb7 22. c6 Qa8 23. Ne4 Nxe4 24. Bxe4 Bxe4 25. Qxe4 Nd5 26. Qa4 Bg5 27. Rc2 Bf6 28. Qxa7 Qxa7 29. Rxa7 Bxe5 30. Bxe5 Nb4 31. Rc5 Nxc6 32. Rc7 Rxc7 33. Bxc7 Nb4 34. f4 Nd5 35. Bd6 Rd8 36. f5 h6 37. fxe6 fxe6 38. Be5 Rd7 39. Rc8+ Kf7 40. Rc2 g5 41. g4 Kg6 42. Rc6 Kf7 43. Rc8 Ne7 44. Rh8 Kg6 45. Re8 Kf7 46. Rh8 Kg6 47. Rf8 Nd5 48. Rg8+ Kh7 49. Re8 Re7 50. Rh8+ Kg6 51. Rg8+ Kh7 52. Rf8 Kg6 53. Kh2 Rf7 54. Rg8+ Kh7 55. Rh8+ Kg6 56. Rg8+ Kh7 57. Re8 Nf4 58. Bxf4 Rxf4 59. Re7+ Kg6 60. Rxe6+ Rf6 61. Re3 Rf7 62. Kg3 Rf6 63. h4 gxh4+ 64. Kxh4 Rf7 65. Re6+ Rf6 66. Re8 Rf4 67. Rg8+ Kh7 68. Ra8 Rb4 69. Ra7+ Kg6 70. Ra6+ Kh7 71. Rc6 Kg7 72. Rc5 Kg6 73. Ra5 Rc4 74. Rb5 Ra4 75. Rc5 Rb4 76. Ra5 Rc4 77. Ra6+ Kg7 78. Rd6 Rb4 79. Rd5 Ra4 80. Kh5 Ra1 81. Rd7+ Kf6 82. Rd6+ Kg7 83. Rg6+ Kf7 84. Kxh6 Rh1+ 85. Kg5 Rc1 86. Kh5 Rh1+ 87. Kg5 Rc1 88. Rb6 Kg7 89. Rb7+ Kg8 90. Rb6 Kg7 91. Rb7+ Kg8 92. Rd7 Rc6 93. Re7 Rb6 94. Kh5 Rc6 95. Rd7 Rb6 96. Rd5 Kg7 97. g5 Ra6 98. g6 Ra1 99. Rd7+ Kg8 100. Rd8+ Kg7 101. Rd7+ Kg8 1/2-1/2

[Event "Pardubice Czech op-A 28th"]
[Site "Pardubice"]
[Date "2017.07.24"]
[Round "4"]
[White "Grekh, Andrey"]
[Black "Vogel, Roven"]
[Result "0-1"]
[WhiteElo "2395"]
[BlackElo "2475"]
[PlyCount "78"]
[EventDate "2017.07.21"]
[EventType "swiss"]
[EventRounds "9"]
[EventCountry "CZE"]
[SourceTitle "CBM 179 Extra"]
[Source "ChessBase"]
[SourceDate "2017.08.23"]
[SourceVersion "1"]
[SourceVersionDate "2017.08.23"]
[SourceQuality "1"]

1. e4 e5 2. Nf3 Nc6 3. d4 exd4 4. c3 d5 5. exd5 Qxd5 6. cxd4 Bg4 7. Be2 Bb4+ 8. Nc3 Bxf3 9. Bxf3 Qc4 10. Qb3 Qxb3 11. axb3 Nge7 12. Be3 0-0-0 13. 0-0 a6 14. Ra4 Bd6 15. Rd1 Rhe8 16. Ne4 h6 17. Nxd6+ Rxd6 18. Bf4 Rdd8 19. h4 Nd5 20. Bg3 g6 21. Rc4 Nce7 22. Re1 c6 23. Rc2 Nb4 24. Rce2 Kd7 25. h5 g5 26. Bg4+ f5 27. Rxe7+ Rxe7 28. Bxf5+ Ke8 29. Bg6+ Kf8 30. Be5 c5 31. f4 gxf4 32. Rf1 Nd5 33. g3 cxd4 34. Bxd4 Re2 35. gxf4 Ne3 36. Bc5+ Kg8 37. Rc1 Rdd2 38. Bxe3 Rxe3 39. f5 Kg7 0-1

[Event "Pardubice op rapid 28th"]
[Site "Pardubice"]
[Date "2017.07.19"]
[Round "3"]
[White "Chernyshov, Konstantin"]
[Black "Grekh, Andrey"]
[Result "1/2-1/2"]
[WhiteElo "2498"]
[BlackElo "2395"]
[PlyCount "122"]
[EventDate "2017.07.19"]
[EventType "swiss (rapid)"]
[EventRounds "9"]
[EventCountry "CZE"]
[SourceTitle "CBM 179 Extra"]
[Source "ChessBase"]
[SourceDate "2017.08.23"]
[SourceVersion "1"]
[SourceVersionDate "2017.08.23"]
[SourceQuality "1"]

1. d4 Nf6 2. Bg5 e6 3. c3 d5 4. e3 Be7 5. Nd2 0-0 6. Bd3 Nbd7 7. Qe2 e5 8. Bf5 exd4 9. cxd4 h6 10. Bxf6 Nxf6 11. Bxc8 Rxc8 12. Ngf3 Bd6 13. 0-0 c6 14. Qd3 Re8 15. Qb3 Qd7 16. Rac1 Ne4 17. Rfd1 f5 18. Re1 Re7 19. Re2 Rce8 20. Rce1 Kh7 21. Qc2 g5 22. Nf1 Kg7 23. N3d2 Nf6 24. Ng3 Ne4 25. Ndf1 Bxg3 26. Nxg3 Nxg3 27. hxg3 Re4 28. f3 R4e7 29. Kf2 Qe6 30. Qd3 Qf6 31. Qd2 Qg6 32. a3 Kg8 33. b4 Qh5 34. Qd1 g4 35. Rh1 Qg5 36. Qd3 Rg7 37. f4 Qg6 38. b5 Rc8 39. Rc2 Rgc7 40. Rhc1 Qe6 41. a4 h5 42. a5 Qe4 43. Qxe4 fxe4 44. a6 bxa6 45. Rxc6 Rxc6 46. Rxc6 Rb8 47. bxa6 Rb2+ 48. Kg1 Kf7 49. Rc7+ Kf6 50. Rxa7 h4 51. gxh4 g3 52. Kf1 Rb1+ 53. Ke2 Rb2+ 54. Ke1 Rb1+ 55. Kd2 Rb2+ 56. Kc3 Rxg2 57. Ra8 Kg7 58. Rd8 Ra2 59. Rd7+ Kh6 60. Rd6+ Kh7 61. Rd7+ Kh6 1/2-1/2

[Event "Lutsk Nebesna Sotnya Memorial blitz"]
[Site "Lutsk"]
[Date "2017.02.17"]
[Round "10"]
[White "Grekh, Andrey"]
[Black "Budnikov, Oleg"]
[Result "1/2-1/2"]
[WhiteElo "2395"]
[BlackElo "2403"]
[PlyCount "103"]
[EventDate "2017.02.17"]
[EventType "swiss (blitz)"]
[EventRounds "15"]
[EventCountry "UKR"]
[SourceTitle "CBM 176 Extra"]
[Source "ChessBase"]
[SourceDate "2017.03.02"]
[SourceVersion "1"]
[SourceVersionDate "2017.03.02"]
[SourceQuality "1"]

1. e4 g6 2. d4 Bg7 3. Be3 d6 4. Nc3 a6 5. a4 Nf6 6. f3 0-0 7. Qd2 Nc6 8. h4 h5 9. Nh3 Bxh3 10. Rxh3 e5 11. d5 Nd4 12. Bxd4 exd4 13. Ne2 c5 14. dxc6 bxc6 15. Nxd4 Qb6 16. Nb3 d5 17. e5 Rfe8 18. f4 Ng4 19. Qd4 Qc7 20. 0-0-0 f6 21. Rc3 Qd7 22. Qb6 fxe5 23. Rxc6 Rab8 24. Qxa6 Ne3 25. Re1 exf4 26. Bd3 Qe7 27. Rxg6 Qe5 28. Rxg7+ Qxg7 29. Qd6 Rf8 30. Rxe3 fxe3 31. Qxd5+ Rf7 32. Bc4 Re8 33. Qxf7+ Qxf7 34. Bxf7+ Kxf7 35. Kd1 Ke6 36. Ke2 Kd5 37. a5 Rg8 38. Kxe3 Rxg2 39. a6 Rxc2 40. a7 Rc8 41. Nd4 Ra8 42. Ne2 Rxa7 43. Nf4+ Ke5 44. Nxh5 Rb7 45. Nf4 Kf5 46. Nd3 Kg4 47. Kd4 Kxh4 48. b4 Kg5 49. Kc5 Kf6 50. b5 Ke6 51. Kc6 Rxb5 52. Kxb5 1/2-1/2